Constitutionalism and the separation of powers (Record no. 53376)
[ view plain ]
| 000 -LEADER | |
|---|---|
| fixed length control field | 01315nam a2200349Ia 4500 |
| 082 04 - DEWEY DECIMAL CLASSIFICATION NUMBER | |
| Classification number | 320.473/04 |
| 100 1# - MAIN ENTRY--AUTHOR NAME | |
| Personal name | Vile, M. J. C. |
| 245 10 - TITLE STATEMENT | |
| Title | Constitutionalism and the separation of powers |
| 250 ## - EDITION STATEMENT | |
| Edition statement | 2nd ed. |
| 260 ## - PUBLICATION, DISTRIBUTION, ETC. (IMPRINT) | |
| Place of publication | Indianapolis : |
| Name of publisher | Liberty Fund, |
| Year of publication | c1998. |
| 300 ## - PHYSICAL DESCRIPTION | |
| Number of Pages | xii, 455 p. |
| 500 ## - GENERAL NOTE | |
| General note | Originally published in 1967 by Oxford University Press. |
| 650 #0 - SUBJECT ADDED ENTRY--TOPICAL TERM | |
| Topical Term | Separation of powers. |
| Topical Term | Constitutional law. |
| 856 40 - ELECTRONIC LOCATION AND ACCESS | |
| Uniform Resource Identifier | http://site.ebrary.com/lib/rucke/Doc?id=10629264 |
No items available.
